000 01860cam a2200577 i 4500
001 32146
003 KOSZ 005
005 20240710062842.0
008 240709s1997 pl f |000 0 pol
015 _aUWD 1998/850
020 _a830112234X
035 _a991003415939705066
035 _a(PL-WaBN)b10915412-48omnis_nlop
035 _ab10915412
035 _a(OCoLC)830087374
035 _azz2004851817
035 _a(PL)b0000001091541
035 _a(EXLNZ-48OMNIS_NETWORK)9910213094305606
040 _aWA N
_cWA N
_dKOSZ 005/RW
046 _k1997
080 _a332.1(438)
080 _a336.14(438)
080 _a352(438)"1989/..."
100 1 _aPiotrowska-Marczak, Krystyna
_d(1939- )
_eAutor
245 1 0 _aFinanse lokalne w Polsce /
_cKrystyna Piotrowska-Marczak.
250 _aWydanie I.
260 _aWarszawa :
_bWydawnictwo Naukowe PWN,
_c1997.
300 _a100 stron ;
_c21 cm.
336 _aTekst
_btxt
_2rdacontent
337 _aBez urządzenia pośredniczącego
_bn
_2rdamedia
338 _aWolumin
_bnc
_2rdacarrier
380 _aKsiążki
380 _aPublikacje fachowe
388 1 _a1901-2000
388 1 _a1989-2000
504 _aBibliografia na stronach 99-100.
648 7 _a1901-2000
648 7 _a1989-2000
650 7 _aBudżety terenowe
_2DBN
650 7 _aGospodarka regionalna
_2DBN
650 7 _aPolityka
_2DBN
650 7 _aSamorząd terytorialny
_2DBN
651 7 _aPolska
655 7 _aOpracowanie
658 _aGospodarka, ekonomia, finanse
658 _aPolityka, politologia, administracja publiczna
710 2 _aWydawnictwo Naukowe PWN
_4pbl
856 _uhttps://koha.tu.koszalin.pl/cgi-bin/koha/opac-detail.pl?biblionumber=32146
_yKatalog online BPK
942 _2UKD
_cKS
999 _c32146
_d32146